000 01646nam a2200169Ia 4500
005 20250728123505.0
008 250728s9999 xx 000 0 und d
020 _a9780582505995
082 _a947.0854
_bMAR
100 _aMarples, David R.
245 4 _aThe Collapse of the Soviet Union, 1985-1991
260 _bRoutledge
_c2004
300 _a200 pages
500 _aWhy did the Soviet Union collapse in 1991? The collapse of the Soviet Union has widely been seen as the result of the arms race and Cold War, and the failure of the Soviet side to keep pace with new technology. This book argues that the disintegration was mainly a result of two interrelated factors: the rise of the Soviet national republics, and the manipulation of the new Russian presidency by Boris Yeltsin in what became a direct power struggle between Yeltsin and the Soviet leader, Gorbachev. Written in a clear and accessible manner, the book provides: an explanation of how the national question came to dominate Soviet politics by 1990-1 analysis of the economic crisis that occurred in the late 1980 s a chapter devoted to the year 1991, from the referendum to reform the Soviet Union to the unforeseen dissolution of the country by December a discussion of the personalities of and political confrontation between the two key statesman: Gorbachev and Yeltsin Also containing a Chronology, Glossary and Who s Who of key figures, The Collapse of the Soviet Union is essential reading for students of twentieth century European history. David R. Marples is Professor of History at the University of Alberta.
650 _aBusiness & Economics
942 _cENGLISH
999 _c577630
_d577630